000
00239nam a2200109 a 4500
008
090929s1990|||| d
100
1
_a
Brinková, C.
245
1
0
_a
Caddie
260
_b
Mladé letá
_a
Bratislava
_c
1990
041
_a
slo
044
_a
SR
999
_c
8
_d
8